| LEADER | 00823cam a2200253 a 4500 | ||
|---|---|---|---|
| 001 | u152127 | ||
| 003 | SIRSI | ||
| 008 | 920414s1977 my a bt 00 1 eng m | ||
| 035 | |a AAS-0117 | ||
| 040 | |a UMM | ||
| 090 | |a SB191 |b R5Qua | ||
| 091 | |a Microfiche 3339 | ||
| 100 | 1 | 0 | |a Quah, Soon-cheng. |
| 245 | 1 | 0 | |a Variability of protein content of grain in some varieties of rice "Oryza sativa L" / |c Quah Soon-cheng. |
| 260 | |c 1977. | ||
| 300 | |a xv, 314 leaves : |b illus. ; |c 26 cm. | ||
| 500 | |a Microfiche (negative). 7 fiche. 11 x 15 cm. | ||
| 502 | |a Thesis (Ph.D.) -- Fakulti Sains, Universiti Malaya, 1977. | ||
| 504 | |a Bibliography: leaves 283-297. | ||
| 650 | 0 | |a Rice. | |
| 650 | 0 | |a Proteins. | |
| 948 | |a 14/04/1992 |b 31/05/2002 | ||
| 596 | |a 1 | ||
| 999 | |a SB191 R5QUA |w LC |c 1 |i A002757315 |l STACKS |m P01UTAMA |r Y |s Y |t TESIS |u 29/4/1992 | ||
